000 00943cam a22002415a 4500
005 20230516161625.0
008 230516s2023 xxkd f 001 0 eng d
020 _a9781915976017
041 0 _aeng
050 0 4 _a692.5
110 2 _aBuilding Cost Information Service
_91096
245 0 0 _aBCIS painting and decorating price book
_b2023
250 _a30th ed.
260 _aLondon
_bBCIS
_cFebruary 2023
300 _av, 178p.
_c19cm.
520 _aProvides guide prices for for painting and decoration in new buildings and for redecoration in existing properties. The rates are presented in the following sections: basic rates; new internal work; new external work; wall coverings; internal redecoration; external redecoration; and composite prices.
520 _aSupersedes 29th ed.
521 _aAdvanced
651 4 _aUnited Kingdom
690 _aRefurbishment
_96264
690 _aFacilities management
_96240
942 _n0
_2ddc
999 _c121489
_d121489